000 00220nam a22000977a 4500
041 _aENG
245 _aWatershed Management Rajiat De
260 _aNew Delhi
_bKisan Goshthi
_c1995
650 _aGAE (37)
856 _uGAE (37)
999 _c3148
_d3148